00529pab a2200157 454500008004000000100001700040245011600057260000900173300001400182362001200196650003000208650003800238650003400276650001600310773004500326180718b2004 xxu||||| |||| 00| 0 eng d aTuteja, Usha aUtilisation of agricultural input subsidies by scheduled caste vis-a-vis non-scheduled caste farmers in Haryana c2004 ap.722-44. aOct-Dec aFarmers - India - Haryana aScheduled caste - India - Haryana aAgriculture - India - Haryana aAgriculture aIndian Journal of Agricultural Economics